[Event "FRA-ch U18/14 Online"]
[Site "Europe Echecs INT"]
[Date "2020.07.11"]
[Round "5"]
[White "Denninger, Gael"]
[Black "Saya, Ethan"]
[Result "0-1"]
[WhiteElo "1957"]
[BlackElo "2199"]
[PlyCount "110"]
[EventDate "2020.07.11"]
[EventType "swiss (blitz)"]
[EventRounds "9"]
[EventCountry "FRA"]
[SourceTitle "EXT 2021"]
[Source "ChessBase"]
[SourceDate "2020.10.23"]
[SourceVersion "1"]
[SourceVersionDate "2020.10.23"]
[SourceQuality "1"]

1. c4 c5 2. g3 Nc6 3. Bg2 g6 4. Nc3 Bg7 5. Nf3 e6 6. 0-0 Nge7 7. a3 0-0 8. Rb1 d5 9. cxd5 exd5 10. b4 d4 11. Na4 Bf5 12. d3 c4 13. Nh4 c3 14. Nxf5 Nxf5 15. Nc5 Qc7 16. Bf4 Qe7 17. Qc2 Rfe8 18. Rfe1 Rac8 19. Ne4 h6 20. g4 Nh4 21. Nd6 Nxg2 22. Kxg2 Qh4 23. h3 h5 24. Bg3 Qg5 25. Nxe8 Rxe8 26. Qc1 Qd5+ 27. Kg1 hxg4 28. hxg4 Be5 29. Bxe5 Nxe5 30. Qf4 Kg7 31. g5 Rh8 32. f3 Rh5 33. Kf2 Rxg5 34. Rh1 Rf5 35. Qh6+ Kf6 36. Qh4+ Ke6 37. Qe4 Qa2 38. f4 Rxf4+ 39. Qxf4 Nxd3+ 40. Kf3 Nxf4 41. Kxf4 Qd2+ 42. Kg3 Qe3+ 43. Kh4 Qf2+ 44. Kg5 Qe3+ 45. Kh4 Qf4+ 46. Kh3 Qf5+ 47. Kg3 Qg5+ 48. Kh3 f5 49. Rhg1 Qh5+ 50. Kg3 g5 51. Kf2 Qh4+ 52. Kf1 c2 53. Rc1 Qh3+ 54. Rg2 Qc3 55. e3 d3 0-1